000 03958cam a22004694i 4500
003 PE-LiUPU
005 20250731165418.0
008 151211s2013 pe a grm 000 0 spa d
035 _a(Sirsi) a155490
040 _aPE-LiUPU
_bspa
_cPE-LiUPU
_erda
082 0 4 _a269.2
_bH96 T3
099 _aTT 3
_bH96 2013
100 1 _aHurtado Castillo, Elías
_eautor
245 1 _aFactores que influyen en el evangelismo personal de los feligreses adventistas del distrito misionero de Linares, Chile, 2012 /
_cElias Hurtado Castillo.
264 0 _c2013.
300 _a84 hojas :
_bilustraciones;
_c28 cm
336 _atext
_2rdacontent
337 _aunmediated
_2rdamedia
338 _avolume
_2rdacarrier
502 _aTesis
_b(Mg.) --
_cUniversidad Peruana Unión,
_d2013.
504 _aIncluye referencias
520 3 _aLa investigación es de tipo descriptivo, explicativo. Descriptivo porque se ha descubierto y ha medido cada uno de los elementos de las variables propuestas en la investigación. Explicativo, porque se ha medido la influencia entre las variables predictoras y la variable criterio. El diseño es no experimental de corte transversal. No experimental, porque no se ha manipulado las variables de estudio; es transversal, porque la recopilación de datos se realizó en un solo momento y por única vez. ¿Cuáles son los factores que influyen en el evangelismo personal de los feligreses de la IASD del distrito misionero de Linares, Chile, año 2012?. Determinar los factores que influyen en el evangelismo personal en los feligreses de la IASD del distrito misionero de Linares, Chile, año 2012. Hi: Los factores: edad, sexo, estado civil, nivel socioeconómico, devoción personal, capacitación misionera y participación en la iglesia, influyen en el evangelismo personal en los feligreses de la IASD del distrito misionero de Chile, año 2012. Ho: Los factores: edad, sexo, estado civil, nivel socioeconómico, devoción personal, capacitación misionera y participación en la iglesia, no influyen en el evangelismo personal en los feligreses de la IASD del distrito misionero de Linares, Chile, año 2012. El evangelismo personal es la enseñanza y la presentación directa de la Palabra de Dios de persona a persona. Al respecto se expone la base bíblica y teológica del evangelismo personal. Resultados: El distrito misionero de Linares tiene la característica de poseerla mayor cantidad de miembros adultos, cuyas edades superan los 45 años. La presencia del sexo femenino es superior a la del masculino. La mayor parte de miembros de iglesia son casados. La mayoría de los feligreses tienen un nivel socioeconómico alto. Asimismo, la mayoría realiza su devoción personal continuamente y ha participado en seminarios, reuniones y programas sobre temas de evangelismo. Por otro lado, el mayor porcentaje de feligreses está constituido por participantes activos; sin embargo más de la mitad no realiza evangelismo personal. Las variables: edad, estado civil, nivel socioeconómico y participación en la iglesia, no se asocian con el evangelismo personal. En cambio, las variables: "sexo°, devoción personal y capacitación misionera, si se asocian con el evangelismo personal. Por otro lado, se ha determinado que solo las variables: sexo y devoción personal influyen en el evangelismo personal.
526 _aSEG44
526 _aSEG26
526 _aP151
526 _aP150
526 _aP149
526 _aP146
526 _aP145
526 _aP126
526 _aP125
526 _aP92
526 _aP75
526 _aP74
526 _aP27
526 _aP15
650 0 4 _aEvangelismo personalxAdventistas del séptimo día
_zChile
_vTesis.
650 0 4 _aEvangelismo
_vTesis.
596 _a1
942 _2ddc
_cTESIS
999 _aTT 3 H96 2013
_wALPHANUM
_c8168
_iT01351
_d8168
_lCCODEBUL3
_mBUL
_q3
_r1
_sY
_tTESIS
_u2015-12-11
_xPOSGRADO
_PP85
_o.STAFF. Tesis
980 _81
_gALBERTO SANCHEZ Responsable de Automatización